LEADER 01105nam0 22002771i 450 001 UON00224331 005 20251118100428.142 010 $a88-15-07642-5 100 $a20030730d2000 |0itac50 ba 101 $aita 102 $aIT 105 $a|||| ||||| 200 1 $aˆLa ‰riforma del governo$eCommento ai decreti legislativi n. 300 e n. 303 del 1999 sulla riorganizzazione della presidenza del consiglio e dei ministri$fa cura di Alessandro Pajno$gLuisa Torchia 210 $aBologna$cIl Mulino$d2000 215 $a542 p.$d24 cm. 606 $aItalia$xGoverno$xFunzioni$3UONC034797$2FI 620 $aIT$dBologna$3UONL000085 702 1$aPajno$bAlessandro$3UONV135877 702 1$aTorchia$bLuisa$3UONV100029 712 $aIl Mulino$3UONV245824$4650 801 $aIT$bSOL$c20251121$gRICA 899 $aSIBA - SISTEMA BIBLIOTECARIO DI ATENEO$2UONSI 912 $aUON00224331 950 $aSIBA - SISTEMA BIBLIOTECARIO DI ATENEO$dSI PUB C 1010 $eSI SC 35932 5 1010 996 $aRiforma del governo$963657 997 $aUNIOR